000 00894nam a22003017a 4500
001 BR9100247
003 BR-BrBNA
005 20230928093457.0
007 ta
008 230509b bl.||||| |||| 00| 0 por d
040 _aBR-BrBNA
_bpor
_cBiblioteca Nacional de Agricultura
041 _a(Por)
072 _aE50; E14
_b/G514
090 _ E50 BR9100247
110 1 _aComissao Estadual de Planejamento Agricola, Fortaleza, CE (Brasil)
_92048
245 1 _aPrograma de apoio ao pequeno produtor rural. v.4 Administracao do programa. Tomo 2 Capacitacao de recursos humanos
260 3 _aFortaleza, CE (Brasil):
_c1985.
300 _a319 p.
500 _a65 tables
650 _aRECURSO HUMANO
650 _aTREINAMENTO
650 _aPROJETO DE DESENVOLVIMENTO
650 _aDIRETRIZ
650 _aCUSTO
650 _aCEARA
909 _a202309
_bLucia
_c55
_dLucia Elande
942 _cBK
999 _c45232
_d45232